Piłkarze z województwa śląskiego - Statystyki

Ogólne statystyki
  • Ten quiz został rozwiązany 17 razy
  • Średni wynik to 3 z 10
Answers on the Grid
Answers color-coded by a green-red scale on the quiz's grid according to % correct below.
Michael Ameyaw
Adrian Błąd
Jakub Czerwiński
Kamil Grabara
Rafał Janicki
Jakub Kamiński
Jakub Kiwior
Mateusz Kowalczyk
Jarosław Kubicki
Arkadiusz Milik
Radosław Murawski
Bartosz Nowak
Krzysztof Piątek
Lukas Podolski
Arkadiusz Pyrka
Łukasz Skorupski
Michał Skóraś
Bartosz Slisz
Przemysław Wisniewski
Piotr Zieliński
 
Statystyki odpowiedzi
Odpowiedź % Poprawnych
Arkadiusz Milik
82%
Jakub Kamiński
45%
Jakub Kiwior
45%
Kamil Grabara
36%
Lukas Podolski
36%
Łukasz Skorupski
27%
Bartosz Slisz
18%
Przemysław Wisniewski
18%
Michał Skóraś
9%
Radosław Murawski
0%
Nie znaleziono quizów pasujących do podanych kryteriów
Rozkład punktacji
Procent ludzi z każdym wynikiem
Percentyl według liczby udzielonych odpowiedzi
Twoja historia wyników
Nie rozwiązałeś tego quizu